| 000 | 00637nam a2200205 i 4500 | ||
|---|---|---|---|
| 001 | 41185 | ||
| 003 | ES-MaACL | ||
| 005 | 20231114062530.0 | ||
| 007 | t| | ||
| 008 | 030310s1965 sp ||||1| spa d | ||
| 100 | 1 |
_aCaruso, Igor A. _935921 |
|
| 245 | 1 | 0 |
_aPsicoanálisis para la persona / _cIgor A. Caruso ; [traducción de Rosa Tanco Duque]. |
| 260 |
_aBarcelona : _bSeix Barral, _c1965. |
||
| 300 |
_a241 p. ; _c18 cm. |
||
| 490 | 1 |
_aBiblioteca breve ; _v210 |
|
| 700 | 1 |
_aTanco Duque, Rosa. _9109179 |
|
| 830 | 0 |
_aBiblioteca breve (Seix Barral) _v210 _9227188 |
|
| 852 |
_aES-MaACL _jC-27742 _bR.56670 |
||
| 999 |
_c41185 _d41185 |
||